Statistics for Biggest Cities in the British Isles by Country

Click here to take the quiz!

General Stats

  • This quiz has been taken 164 times
  • The average score is 17 of 25

Answer Stats

PopulationCity% Correct
8,869,898London
99%
553,165Dublin
97%
334,420Belfast
96%
1,140,754Birmingham
96%
488,050Edinburgh
96%
549,305Manchester
96%
349,941Cardiff
95%
612,040Glasgow
95%
571,733Liverpool
94%
125,622Cork
91%
200,680Aberdeen
86%
184,094Swansea
82%
148,280Dundee
78%
84,750Londonderry / Derry
76%
58,319Limerick
65%
567,111Bristol
64%
79,504Galway
58%
131,308Newport
52%
48,369Waterford
47%
62,650Bangor
36%
48,120Lisburn
34%
62,497Wrexham
30%
77,220Paisley
21%
55,988Barry
11%
66,120Newtownabbey
10%

Score Distribution

Percentile by Number Answered

Percent of People with Each Score

Your Score History

You have not taken this quiz